Era l'estate dell '88 /

-д хадгалсан:
Номзүйн дэлгэрэнгүй
Үндсэн зохиолч: Morichini, Carlo
Формат: Ном
Хэл сонгох:итали
Хэвлэсэн: Lodi : Arpeggio Libero, 2012
Цуврал:Arpeggio libero. Delectatio
Шошгууд: Шошго нэмэх
Шошго байхгүй, Энэхүү баримтыг шошголох эхний хүн болох!

MARC

LEADER 00000nam a22000007i 4500
001 IT\ICCU\BIA\0054731
003 ItRI
005 20251021164541.0
008 221130s2012 it |||||| ||||| |||||c
020 |a 9788897242284 
040 |b ita  |c Arcigay Viterbo 
041 7 |a ita  |2 ISO-639-2 
100 1 |a Morichini, Carlo  |0 IT\ICCU\RMLV\042152 
245 1 0 |a Era l'estate dell '88 /  |c Carlo Morichini. 
260 |a Lodi :  |b Arpeggio Libero,  |c 2012 
300 |a 184 p. ;  |c 21 cm 
830 0 |a Arpeggio libero. Delectatio  |0 IT\ICCU\PBE\0047611 
942 |2 ddc  |c BK  |n 0 
952 |0 0  |1 0  |2 ddc  |4 0  |6 P__27_000000000000000  |7 0  |9 9773  |a VT  |b VT  |d 2025-10-21  |e Deposito Giordano Piccirilli  |i PIC39  |l 0  |o P.27  |p PIC39  |r 2025-10-21 16:46:12  |w 2025-10-21  |y BK  |z Deposito Giordano Piccirilli 
981 1 |6 z01  |a i   |b xxxe  
982 1 |6 z01  |a n 
999 |c 8152  |d 8152